000 01823cam a22003854i 4500
003 PE-LiUPU
005 20250731183351.0
008 150617s1990 pe r 000 0 spa d
035 _a(Sirsi) a16236
040 _aPE-LiUPU
_bspa
_cPE-LiUPU
_erda
049 _aPRUA
082 0 4 _a720.85904
_bD85
_221
100 1 _aDoblado, Juan Carlos,
_eautor.
245 1 0 _aArquitectura peruana contemporánea :
_bescritos y conversaciones /
_cJuan Carlos Doblado.
264 1 _aLima :
_bArquidea,
_c1990.
300 _a119 páginas ;
_c23 centímetros
336 _atext
_2rdacontent
337 _aunmediated
_2rdamedia
338 _avolume
_2rdacarrier
505 0 _aLa fachada, más que una máscara -- Una generación de arquitectos -- Precisiones acerca del post-modernismo -- Reflexiones sobre arquitectura e identidad latinoamericana -- La expansión de Lima o la primera modernidad -- El nacionalismo en la arquitectura peruana contemporánea -- Juvenal Baracco -- Enrique Ciriani -- Frederick Cooper -- José García Bryce -- Emilio Sóyer -- Rodolfo Tisnado.
526 _aP158
526 _aP146
526 _aP17
526 _aP12
526 _aP06
650 1 8 _aArquitectura
_zPerú
_xHistoria
_ySiglo XX.
910 _ajck
_bjvq
_cjck
_d20150616
910 _adbm
_bncf
_cncf
_d20190502
942 _2ddc
_cBOOK
949 _a720.85904 D85
_wDEWEY
_c1
_i32657
_lCCODEBUL1
_mBUL
_p
_r0
_sY
_tBOOK
_u2015-04-21
_xBIBLIOTECA
_zUNKNOWN
_0COMPRA
_o.STAFF. Colección Ingeniería y Arquitectura
994 _aC0
_bPEPRU
596 _a1
999 _a720.85904 D85
_wDEWEY
_c11335
_i32657
_d11335
_e2016-6-6
_f2021-11-9
_g8
_lCCODEBUL1
_mBUL
_n2
_p10.00
_q1
_r0
_sY
_tBOOK
_u2015-4-21
_xINGENIERIA
_PP06
_0COMPRA
_o.STAFF. Colección Ingeniería y Arquitectura
980 _81
_gALBERTO SANCHEZ Responsable de Automatización